{"text_format":"3","workbook":"xls","n_sheets":3,"sheets":["Sheet1","Sheet2","Sheet3"],"read":"whole","date_system":"1900","formulas":"cached_only"}

{"sheet":"Sheet1","index":0,"n_rows":54,"n_cols":7,"rows_kept":54,"flags":["formulas_cached_only"]}
["                       Annbud"]
[]
["Annbudet er bare ca. Mål, akkurat lengder på grøfter og "]
["kvadrat blir oppmålt når tegninger og mål er på plass."]
[]
["Alle stk. priser er fastsatt. "]
[]
[]
["Type/Beskrivelse","Antall",null,"Enhetspris","Sum"]
[]
[]
["Rigging inkl.Ferjer og transport av maskiner og utstyr",1,"stk",18000,18000]
["Dyrke jord, traue av jord",1500,"m2",18,27000]
["Grave ut for hus inkl singling for murer",1,"stk",17000,17000]
["Single gulv",90,"m2",250,22500]
["Lø opp steinmur med stein fra tomt",20,"m2",950,19000]
["Steinrekke (pr.m)",20,"m",650,13000]
["Rør og deler til avløpsgøft frem til husvegg",25,"m",1070,26750]
["Grave avløpsgrøftgøft og legge rør/koble",25,"m",1000,25000]
["Drens",80,"m",150,12000]
[]
["Delsum",{"$nulls":3},132750,"+","MVA"]
[]
["Type/Beskrivelse","Antall",null,"Enhetspris","Sum"]
[]
[]
["Intilfylling av mur med 15cm. Singel intill mur",1,"stk",8000,8000]
["Grusing av innkjørsel",100,"m2",80,8000]
["Kabel grøft",25,"m",250,6250]
["Masseforflytning for å planere til plen",7,"t",700,4900]
[{"$nulls":4},0]
[{"$nulls":4},0]
[{"$nulls":4},0]
[{"$nulls":4},0]
[{"$nulls":4},0]
[{"$nulls":4},0]
[{"$nulls":4},0]
[{"$nulls":4},0]
[{"$nulls":4},0]
[]
["Delsum",{"$nulls":3},27150,"+","MVA"]
[]
[]
["Total annbuds sum:",{"$nulls":3},159900,"+","MVA"]
[]
["Tillegspriser:"]
["Timepris 30 tonner",null,null,"Kr.",700,"+","MVA"]
["Deler til sammenkobling av 315mm rør som ligger i veg kant",null,null,"Kr.",10500,"+","MVA"]
[]
[]
["Håper på positiv tilbakemelding."]
["MVH"]
["Åmodt AS"]
["v/Espen Roaldsø"]

{"sheet":"Sheet2","index":1,"n_rows":0,"n_cols":0,"rows_kept":0,"flags":["formulas_cached_only"]}

{"sheet":"Sheet3","index":2,"n_rows":0,"n_cols":0,"rows_kept":0,"flags":["formulas_cached_only"]}